My Bloody Valentine Songs - Statistics

General Stats
  • This quiz has been taken 80 times
    79 since last reset
  • The average score is 25 of 76
Answer Stats
Isn't Anything % Correct
When You Sleep
87%
Only Shallow
83%
Sometimes
77%
Soon
77%
Soon
77%
Loomer
75%
Feed Me with Your Kiss
74%
Feed Me With Your Kiss
74%
Feed Me With Your Kiss
74%
you made me realize
70%
To Here Knows When
66%
To Here Knows When
66%
Touched
57%
Come in Alone
55%
I Only Said
55%
Glider
53%
slow
51%
Slow
51%
Soft as Snow (But Warm Inside)
51%
Soft as Snow (But Warm Inside)
51%
Blown a Wish
49%
thorn
49%
only tomorrow
47%
What You Want
47%
she found now
42%
Cupid Come
38%
drive it all over me
38%
new you
38%
cigarette in your bed
36%
Honey Power
36%
Sueisfine
36%
Off Your Face
34%
wonder 2
34%
All I Need
30%
if i am
30%
is this and yes
30%
Moon Song
30%
No More Sorry
30%
I Can See It (But I Can't Feel It)
28%
Several Girls Galore
28%
who sees you
28%
in another way
26%
Lose My Breath
26%
nothing is
26%
Swallow
26%
(When You Wake) You're Still in a Dream
26%
(When You Wake) You're Still in a Dream
26%
Don't Ask Why
23%
You Never Should
23%
I Believe
21%
Nothing Much to Lose
21%
Emptiness Inside
15%
I Need No Trust
15%
Instrumental [No. 2]
13%
Don't Cramp My Style
9%
Forever and Again
9%
Inferno
9%
(Please) Lose Yourself in Me
9%
Tiger in My Tank
9%
Clair
8%
Moonlight
8%
Homelovin' Guy
6%
Lovelee Sweet Darlene
6%
Love Machine
6%
No Place to Go
6%
On Another Rainy Saturday
6%
Sandman Never Sleeps
6%
She Loves You No Less
6%
The Last Supper
6%
The Love Gang
6%
By the Danger in Your Eyes
4%
I Don't Need You
4%
The Things I Miss
4%
We're So Beautiful
4%
(You're) Safe in Your Sleep (From This Girl)
4%
You've Got Nothing
4%
No matching quizzes found
Score Distribution
Percent of People with Each Score
Percentile by Number Answered
Your Score History
You have not taken this quiz since the last reset